000 00571nam a2200229 a 4500
001 nice12345678
003 IN_TiNIC
005 20260116011530.0
008 050524s1959 illa grp 000 0 eng
020 _a
_c100
082 0 0 _a291.3
_bCAI
100 _aCaillois, Roger
245 _aMan and the Sacred
260 _aIllinois
_bFree Press of Glencoe
_c1959
300 _a190p
500 _aincludes index and biblioraphy
505 2 _aappendices, biblio., index
650 _aComparative Religion-Worship
902 _bSRS
942 _cBK
999 _c2370
_d2370